| 000 | 01458nam a22003494a 4500 | ||
|---|---|---|---|
| 001 | ebr2001250 | ||
| 003 | CaPaEBR | ||
| 006 | m u | ||
| 007 | cr cn||||||||| | ||
| 008 | 991028s2000 cauab sb 001 0 eng | ||
| 010 | _z 99056834 | ||
| 020 | _z0520219848 (cloth : acid-free paper) | ||
| 020 | _z0520219856 (pbk. : acid-free paper) | ||
| 040 |
_aCaPaEBR _cCaPaEBR |
||
| 035 | _a(OCoLC)559420211 | ||
| 050 | 1 | 4 |
_aGF532.F74 _bR43 2000eb |
| 082 | 0 | 4 |
_a304.2/8/09882 _221 |
| 100 | 1 |
_aRedfield, Peter, _d1965- |
|
| 245 | 1 | 0 |
_aSpace in the tropics _h[electronic resource] : _bfrom convicts to rockets in French Guiana / _cPeter Redfield. |
| 260 |
_aBerkeley : _bUniversity of California Press, _cc2000. |
||
| 300 |
_axvi, 245 p. : _bill., maps. |
||
| 504 | _aIncludes bibliographical references (p. 299-329) and index. | ||
| 533 |
_aElectronic reproduction. _bPalo Alto, Calif. : _cebrary, _d2013. _nAvailable via World Wide Web. _nAccess may be limited to ebrary affiliated libraries. |
||
| 610 | 2 | 0 | _aCentre spatial guyanais. |
| 650 | 0 |
_aHuman geography _zFrench Guiana _xHistory. |
|
| 650 | 0 |
_aPenal colonies _zFrench Guiana _zDevil's Island. |
|
| 650 | 0 | _aHuman ecology. | |
| 650 | 0 |
_aEconomic development _xEnvironmental aspects. |
|
| 655 | 7 |
_aElectronic books. _2local |
|
| 710 | 2 | _aebrary, Inc. | |
| 856 | 4 | 0 |
_uhttp://site.ebrary.com/lib/rucke/Doc?id=2001250 _zAn electronic book accessible through the World Wide Web; click to view |
| 999 |
_c230064 _d230064 |
||